000 02849pam a2200805 cc4500
001 1200041755
003 DE-101
005 20260217141654.0
007 tu
008 191120s2020 gw ||||| |||| 00||||ger
015 _a20,A36
_z19,N48
_2dnb
016 7 _2DE-101
_a1200041755
020 _a9783551799494
_cBroschur : EUR 6.95 (DE), EUR 7.20 (AT), CHF 10.50 (freier Preis)
020 _a3551799490
024 3 _a9783551799494
035 _a(DE-599)DNB1200041755
035 _a(OCoLC)1129046970
040 _a1245
_bger
_cDE-101
_d9999
_erda
041 _ager
_hjpn
044 _cXA-DE
082 7 4 _a741.5
_qDE-101
_223sdnb
100 1 _0(DE-588)1063396298
_0https://d-nb.info/gnd/1063396298
_0(DE-101)1063396298
_aIsayama, Hajime
_d1986-
_eVerfasser
_4aut
_2gnd
245 1 0 _aAttack on Titan
_n29
_cHajime Isayama ; aus dem Japanischen von Claudia Peter
250 _a1. Aufl.
264 3 1 _aHamburg
_bCarlsen Manga!
_c2020
300 _acirca 192 Seiten
_c166 g
336 _aText
_btxt
_2rdacontent
336 _aunbewegtes Bild
_bsti
_2rdacontent
337 _aohne Hilfsmittel zu benutzen
_bn
_2rdamedia
338 _aBand
_bnc
_2rdacarrier
653 _a(Produktform)Paperback / softback
653 _a(Zielgruppe)ab 16 Jahre
653 _a(Zielgruppe)bis 99 Jahre
653 _a(BISAC Subject Heading)CGN004050
653 _a(Produktform (spezifisch))Unflipped manga format
653 _aAttack on Titan
653 _ashingeki no kyojin
653 _aJapanische Leserichtung
653 _aHajime Isayama
653 _aManga
653 _aBestseller
653 _aBestseller Manga
653 _aerfolgreicher Manga
653 _aEren
653 _aMikasa
653 _aArmin
653 _aAnnie
653 _aLevi
653 _aRiesen
653 _aTitanen
653 _aMenschenfresser
653 _aSeinen
653 _aAction
653 _aFantasy
653 _aAnime
653 _aNetflix
653 _aTokyo Ghoul
653 _a(BISAC Subject Heading)CGN004050: COMICS & GRAPHIC NOVELS / Manga / General
653 _a(VLB-WN)2182: Taschenbuch / Belletristik/Comic, Cartoon, Humor, Satire/Manga, Manhwa
655 7 _0(DE-588)4010427-8
_0https://d-nb.info/gnd/4010427-8
_0(DE-101)040104273
_aComic
_2gnd-content
772 0 8 _iEnthalten in
_z9783551791696
773 0 8 _q229
_w(DE-101)1049428676
787 0 8 _iIn Beziehung stehende Ressource
_z9783551742339
787 0 8 _iIn Beziehung stehende Ressource
_z9783551743701
787 0 8 _iIn Beziehung stehende Ressource
_z9783551744227
856 4 2 _mX:MVB
_qtext/html
_uhttp://deposit.dnb.de/cgi-bin/dokserv?id=5ada671e22174e7da3d0ed957bb72e5e&prov=M&dok_var=1&dok_ext=htm
_3Inhaltstext
856 4 2 _mB:DE-101
_qapplication/pdf
_uhttps://d-nb.info/1200041755/04
_3Inhaltsverzeichnis
942 _2ddc
_cMGA
_n0
999 _c1529
_d1529